Подробности
| 000 -МАРКЕР |
| контрольное поле |
02276nam0a22004571 4500 |
| 001 - ИДЕНТИФИКАТОР ЗАПИСИ |
| контрольное поле |
RU\NLR\A1SV\31309 |
| 005 - ИДЕНТИФИКАТОР ВЕРСИИ |
| контрольное поле |
20251203171251.9 |
| 035 ## - ДРУГИЕ СИСТЕМНЫЕ НОМЕРА |
| Идентификатор записи |
(NLR Aleph) 009715205 |
| 100 ## - ДАННЫЕ ОБЩЕЙ ОБРАБОТКИ |
| Данные общей обработки |
20000410d1923 u y0rusy50 ca |
| 101 0# - ЯЗЫК РЕСУРСА |
| Язык текста, звукозаписи и т.д. |
русский |
| 102 ## - СТРАНА ПУБЛИКАЦИИ ИЛИ ПРОИЗВОДСТВА |
| Страна публикации |
Российская Федерация |
| 200 1# - ЗАГЛАВИЕ И СВЕДЕНИЯ ОБ ОТВЕТСТВЕННОСТИ |
| Основное заглавие |
Вопросы сельскохозяйственного машиностроения в России |
| Первые сведения об ответственности |
Ст.: Г.И.Бруно, А.Я.Глаголева, С.Куницы [и др.] |
| 210 ## - ПУБЛИКАЦИЯ, РАСПРОСТРАНЕНИЕ И ДР. |
| Место издания, распространения и т.д. |
М. |
| Имя издателя, распространителя и т. д. |
Профшк. им. тов. Борщевского |
| Дата издания, распространения и т.д. |
1923 |
| 215 ## - ФИЗИЧЕСКАЯ ХАРАКТЕРИСТИКА |
| Специфическое обозначение материала и объем |
50 с. |
| Другие сведения о физической характеристике |
диагр. |
| Размеры |
27 см |
| 225 ## - СЕРИЯ |
| Основное заглавие серии |
Б-ка "Экон. жизни" |
| Обозначение тома |
№ 6 |
| 327 1# - ПРИМЕЧАНИЯ О СОДЕРЖАНИИ |
| Текст примечания |
Проблемы восстановления нашего с.-х. машиностроения / А.Стоклицкий |
| -- |
О возможности выполнения плана восстановления с.-х. машиностроения / Э.Липгарт |
| -- |
Положение крупного с.-х. машиностроения в России / Г.Бруно |
| -- |
Сбыт с.-х. машин в условиях наступающего 1923 г. / А.Я.Глаголев |
| -- |
К вопросу о качестве с.-х. машин и орудий нашего производства / С.Куница |
| -- |
Стандартизация типов и нормализация элементов с.-х. машин / А.Элькинд |
| -- |
Проблема механизации в земледелии / Н.Федотов |
| 620 ## - МЕСТО И ДАТА ПУБЛИКАЦИИ, ИСПОЛНЕНИЯ И Т. Д. |
| Город |
Москва |
| 702 #1 - ИМЯ ЛИЦА - ВТОРИЧНАЯ ОТВЕТСТВЕННОСТЬ |
| Начальный элемент ввода |
Бруно |
| Часть имени, кроме начального элемента ввода |
Г. И. |
| 702 #1 - ИМЯ ЛИЦА - ВТОРИЧНАЯ ОТВЕТСТВЕННОСТЬ |
| Начальный элемент ввода |
Глаголев |
| Часть имени, кроме начального элемента ввода |
А. Я. |
| Расширение инициалов личного имени |
Алексей Яковлевич |
| 702 #1 - ИМЯ ЛИЦА - ВТОРИЧНАЯ ОТВЕТСТВЕННОСТЬ |
| Начальный элемент ввода |
Куница |
| Часть имени, кроме начального элемента ввода |
С. |
| 702 #1 - ИМЯ ЛИЦА - ВТОРИЧНАЯ ОТВЕТСТВЕННОСТЬ |
| Начальный элемент ввода |
Элькинд |
| Часть имени, кроме начального элемента ввода |
А. |
| 702 #1 - ИМЯ ЛИЦА - ВТОРИЧНАЯ ОТВЕТСТВЕННОСТЬ |
| Начальный элемент ввода |
Федотов |
| Часть имени, кроме начального элемента ввода |
Н. Д. |
| Расширение инициалов личного имени |
Николай Денисович |
| 702 #1 - ИМЯ ЛИЦА - ВТОРИЧНАЯ ОТВЕТСТВЕННОСТЬ |
| Начальный элемент ввода |
Стоклицкий |
| Часть имени, кроме начального элемента ввода |
А. В. |
| Расширение инициалов личного имени |
Александр Вениаминович |
| 702 #1 - ИМЯ ЛИЦА - ВТОРИЧНАЯ ОТВЕТСТВЕННОСТЬ |
| Начальный элемент ввода |
Липгарт |
| Часть имени, кроме начального элемента ввода |
Э. Э. |
| 801 #0 - ИСТОЧНИК ЗАПИСИ |
| Страна |
Российская Федерация |
| Организация |
NLR |
| Дата составления |
20000410 |
| 852 ## - МЕСТОНАХОЖДЕНИЕ И ШИФР ХРАНЕНИЯ |
| Идентификатор организации |
NLR |
| Шифр хранения (Call Number) |
37.60.1.66 |
| 899 ## - ДАННЫЕ О МЕСТОНАХОЖДЕНИИ (устаревшее) |
| Местонахождение |
ГПИБ |
| 899 ## - ДАННЫЕ О МЕСТОНАХОЖДЕНИИ (устаревшее) |
| Местонахождение |
SLK |
| 899 ## - ДАННЫЕ О МЕСТОНАХОЖДЕНИИ (устаревшее) |
| Местонахождение |
ГОПБ |
| 899 ## - ДАННЫЕ О МЕСТОНАХОЖДЕНИИ (устаревшее) |
| Местонахождение |
УОНБ |
| 899 ## - ДАННЫЕ О МЕСТОНАХОЖДЕНИИ (устаревшее) |
| Местонахождение |
СПбГУ |
| 899 ## - ДАННЫЕ О МЕСТОНАХОЖДЕНИИ (устаревшее) |
| Местонахождение |
БАН |
| 899 ## - ДАННЫЕ О МЕСТОНАХОЖДЕНИИ (устаревшее) |
| Местонахождение |
ИОНБ |
| 899 ## - ДАННЫЕ О МЕСТОНАХОЖДЕНИИ (устаревшее) |
| Местонахождение |
РКП |
| 899 ## - ДАННЫЕ О МЕСТОНАХОЖДЕНИИ (устаревшее) |
| Местонахождение |
РГБ |
| 899 ## - ДАННЫЕ О МЕСТОНАХОЖДЕНИИ (устаревшее) |
| Местонахождение |
НБ Бел. |
| 942 ## - ДОПОЛНИТЕЛЬНЫЕ ЭЛЕМЕНТЫ ЗАПИСИ (АБИС) |
| Тип экземпляра АБИС |
Книга |
| 980 ## - КОЛЛЕКЦИЯ |
| Название коллекции |
Национальная библиография |
| 980 ## - КОЛЛЕКЦИЯ |
| Название коллекции |
Международный сводный каталог русской книги (1918-1926) |